<?xml version="1.0" encoding="UTF-8"?>
<collection xmlns="http://www.loc.gov/MARC21/slim">
 <record>
  <leader>04389ntm a22005057i 4500</leader>
  <controlfield tag="001">000723667</controlfield>
  <controlfield tag="003">CZ-PrVSE</controlfield>
  <controlfield tag="005">20250621144446.0</controlfield>
  <controlfield tag="006">m        d</controlfield>
  <controlfield tag="007">cr n||||||||||</controlfield>
  <controlfield tag="008">250621s2025    xr     fsbm   000 0 eng d</controlfield>
  <datafield tag="STA" ind1=" " ind2=" ">
   <subfield code="a">NEZPRACOVANÝ IMPORT</subfield>
  </datafield>
  <datafield tag="040" ind1=" " ind2=" ">
   <subfield code="a">ABA006</subfield>
   <subfield code="b">cze</subfield>
   <subfield code="c">ABA006</subfield>
   <subfield code="d">ABA006</subfield>
   <subfield code="e">rda</subfield>
  </datafield>
  <datafield tag="100" ind1="1" ind2=" ">
   <subfield code="a">Singh, Shubhangi</subfield>
   <subfield code="%">ISIS:179904</subfield>
   <subfield code="4">dis</subfield>
  </datafield>
  <datafield tag="242" ind1="1" ind2="0">
   <subfield code="a">E-commerce Strategies in Fashion :</subfield>
   <subfield code="b">Exploring the Correlation Between Psychological Pricing Techniques and Customer Satisfaction in the context of Impulsive Online Buying Behavior</subfield>
   <subfield code="y">eng</subfield>
  </datafield>
  <datafield tag="245" ind1="1" ind2="0">
   <subfield code="a">E-commerce Strategies in Fashion :</subfield>
   <subfield code="b">Exploring the Correlation Between Psychological Pricing Techniques and Customer Satisfaction in the context of Impulsive Online Buying Behavior</subfield>
   <subfield code="c">Shubhangi Singh</subfield>
  </datafield>
  <datafield tag="264" ind1=" " ind2="0">
   <subfield code="c">2025</subfield>
  </datafield>
  <datafield tag="300" ind1=" " ind2=" ">
   <subfield code="a">?? stran :</subfield>
   <subfield code="3">digital, PDF soubor</subfield>
  </datafield>
  <datafield tag="500" ind1=" " ind2=" ">
   <subfield code="a">Vedoucí práce: Tomáš Miklánek</subfield>
  </datafield>
  <datafield tag="502" ind1=" " ind2=" ">
   <subfield code="a">Diplomová práce (Ing.)—Vysoká škola ekonomická v Praze. Fakulta podnikohospodářská, 2025</subfield>
  </datafield>
  <datafield tag="504" ind1=" " ind2=" ">
   <subfield code="a">Obsahuje bibliografii</subfield>
  </datafield>
  <datafield tag="516" ind1=" " ind2=" ">
   <subfield code="a">Textový (vysokoškolská kvalifikační práce)</subfield>
  </datafield>
  <datafield tag="518" ind1=" " ind2=" ">
   <subfield code="a">Rok obhajoby 2025</subfield>
  </datafield>
  <datafield tag="520" ind1="3" ind2=" ">
   <subfield code="a">In the fluctuating market of digital commerce, particularly in the fashion sector, psychological pricing has risen to become one of the powerful methods through which consumer behaviour is manipulated. This study tries to determine the ways in which charm prices, both subtle and overt, urgency cues (&quot;Only a few left!&quot;), countdown timers, and promotional bundling (&quot;Buy 2, Get 1 Free&quot;) may stimulate the impulse buying tendency among internet shoppers. Based on behavioural economic theories such as the scarcity principle and prospect theory, the study aimed to observe how these pricing strategies influence immediate purchase decisions and post-purchase evaluation. Using primary data from 150 respondents via a structured questionnaire, the study used correlation analysis to examine the relationships between emotional stimuli and impulsive buying behaviours. The results provided evidence that psychological-price strategies have a very close and statistically significant relationship with impulse purchase behaviour. Respondents perceived urgency cues and time-limited offers, which often led to spontaneous purchasing. Yet, some participants came to feel less satisfied after their purchase because of this short-term gratification and when the value was incommensurate with their initial expectations. Based on the findings, key recommendations can be made by this study. In the attempt to nurture long-term consumer trust, e-commerce companies should consider ethical and transparent pricing policies. Emergency marketing tactics may improve sales, but if applied to an extreme, they may lose the trust of the consumers. Consumers should be aware that it is an emotional trigger and a necessary evaluation before acting on the promotional cue. Besides, consumer education in terms of digital literacy would better arm consumers with price consciousness.</subfield>
  </datafield>
  <datafield tag="520" ind1="8" ind2=" ">
   <subfield code="a">The study has major managerial implications, and it suggests that sustainable success in e-commerce is hotly debated and goes beyond the persuasive pricing method. A firm that respects the intelligence of its consumers and the need to engage them with honesty will be able to create a loyal customer base in a fast-heating, competitive environment.</subfield>
  </datafield>
  <datafield tag="538" ind1=" " ind2=" ">
   <subfield code="a">Způsob přístupu: Internet</subfield>
  </datafield>
  <datafield tag="653" ind1="0" ind2=" ">
   <subfield code="a">management [obor dipl. práce]</subfield>
  </datafield>
  <datafield tag="655" ind1=" " ind2="7">
   <subfield code="a">diplomové práce</subfield>
   <subfield code="7">fd132022</subfield>
   <subfield code="2">czenas</subfield>
  </datafield>
  <datafield tag="655" ind1=" " ind2="9">
   <subfield code="a">master's theses</subfield>
   <subfield code="2">eczenas</subfield>
  </datafield>
  <datafield tag="690" ind1=" " ind2=" ">
   <subfield code="a">E-commerce</subfield>
  </datafield>
  <datafield tag="690" ind1=" " ind2=" ">
   <subfield code="a">Psychological Pricing</subfield>
  </datafield>
  <datafield tag="690" ind1=" " ind2=" ">
   <subfield code="a">Impulse Buying</subfield>
  </datafield>
  <datafield tag="700" ind1="1" ind2=" ">
   <subfield code="a">Miklánek, Tomáš</subfield>
   <subfield code="7">jo2017963853</subfield>
   <subfield code="4">ths</subfield>
  </datafield>
  <datafield tag="700" ind1="1" ind2=" ">
   <subfield code="a">Sáenz de Viteri Vázquez, Andrea</subfield>
   <subfield code="%">ISIS:166866</subfield>
   <subfield code="4">opn</subfield>
  </datafield>
  <datafield tag="710" ind1="2" ind2=" ">
   <subfield code="a">Vysoká škola ekonomická v Praze.</subfield>
   <subfield code="b">Podnikohospodářská fakulta</subfield>
   <subfield code="7">kn20010709402</subfield>
   <subfield code="4">dgg</subfield>
  </datafield>
  <datafield tag="856" ind1="4" ind2="0">
   <subfield code="u">https://insis.vse.cz/zp/90481/podrobnosti</subfield>
   <subfield code="y">VŠKP v InSIS</subfield>
  </datafield>
  <datafield tag="856" ind1="4" ind2="0">
   <subfield code="u">https://insis.vse.cz/zp/90481</subfield>
   <subfield code="y">Hlavní práce</subfield>
  </datafield>
  <datafield tag="856" ind1="4" ind2="0">
   <subfield code="u">https://insis.vse.cz/zp/90481/posudek/vedouci</subfield>
   <subfield code="y">Hodnocení vedoucího</subfield>
  </datafield>
  <datafield tag="856" ind1="4" ind2="0">
   <subfield code="u">https://insis.vse.cz/zp/90481/posudek/oponent/87053</subfield>
   <subfield code="y">Oponentura</subfield>
  </datafield>
  <datafield tag="999" ind1="4" ind2="0">
   <subfield code="u">https://insis.vse.cz/zp/90481/podrobnosti</subfield>
   <subfield code="y">dc:identifier</subfield>
  </datafield>
  <datafield tag="993" ind1=" " ind2=" ">
   <subfield code="x">NEPOSILAT</subfield>
   <subfield code="y">VSKP</subfield>
  </datafield>
  <datafield tag="999" ind1="4" ind2="9">
   <subfield code="a">vse90481</subfield>
   <subfield code="b">250619</subfield>
  </datafield>
  <datafield tag="999" ind1="4" ind2="5">
   <subfield code="x">90481</subfield>
  </datafield>
 </record>
</collection>
